000 00619nam a2200229Ia 4500
003 OSt
005 20220928124958.0
006 a|||||r|||| 00| 0
007 ta
008 220927b |||||||| |||| 00| 0 eng d
024 _a30212
037 _cTextual
040 _aSDCL
_cSDCL
_beng
041 _2eng
_aeng
082 _aL:424, P1
100 _aGroisman Eduardo A Ed.
_9467406
245 0 _aPrinciples of bacterial pathogenesis.
260 _aSan
_bDiego Academic Press
_c2001
300 _axvi,826p.
_ccm.
942 _hL:424, P1
_cTEXL
_2CC
999 _c780261
_d780261